Regionálna štatistika v Európe - teória a aplikácie
Informácia o cieľoch dizertačnej práci, ktorej obhajoba sa konala 20.12. 2005. Nosnou časťou je spracovanie problematiky lineárneho usporiadania regiónov, pričom sa ako hlavný metodický nástroj používa syntetická premenná, ktorá umožňuje kvantifikovať zložený jav sledovaný v príslušnom regióne.
Enregistré dans:
| Auteur principal: | |
|---|---|
| Format: | Chapitre de livre |
| Langue: | slovaque |
| Sujets: | |
| Tags: |
Pas de tags, Soyez le premier à ajouter un tag!
|
MARC
| LEADER | 00000naa$a2200000$$$4500 | ||
|---|---|---|---|
| 001 | 0051445 | ||
| 005 | 20240502071613.0 | ||
| 041 | 0 | |a slo | |
| 044 | |a SK | ||
| 245 | 1 | 0 | |a Regionálna štatistika v Európe - teória a aplikácie |c Viera Labudová |
| 520 | |a Informácia o cieľoch dizertačnej práci, ktorej obhajoba sa konala 20.12. 2005. Nosnou časťou je spracovanie problematiky lineárneho usporiadania regiónov, pričom sa ako hlavný metodický nástroj používa syntetická premenná, ktorá umožňuje kvantifikovať zložený jav sledovaný v príslušnom regióne. | ||
| 610 | 2 | 0 | |a práce kvalifikačné |
| 610 | 2 | 0 | |a štatistika regionálna |
| 610 | 2 | 0 | |a Európa |
| 610 | 2 | 0 | |a systémy informačné |
| 610 | 2 | 0 | |a metódy štatistické |
| 100 | 1 | |a Labudová, Viera, 1958- | |